000
00307nam a22001457a 4500
003
SGT
082
_a
346.015 KUS
100
_a
KUSUM
245
_a
CASES & MATERIALS ON FAMILY LAW
250
_a
3RD
260
_a
NEW DELHI
_b
UNIVERSAL
_c
2013
300
_a
468
650
_a
FAMILY LAW
942
_2
ddc
_c
BK
_0
1
999
_c
10355
_d
10355